Grecia /

Na minha lista:
Detalhes bibliográficos
Outros Autores: Roux, Jeanne (autor) (autor), Roux, Georges (autor) (autor)
Formato: Livro
Idioma:espanhol
Publicado em: Barcelona, España : Juventud, 1960, c1960
Colecção:(Los Bellos Países)
Assuntos:
Tags: Adicionar Tag
Sem tags, seja o primeiro a adicionar uma tag!

MARC

LEADER 00000nam^a2200000^a^4500
001 000106958
005 20250521000000.0
009 20260310093552.727
037 |a Acervo ITESO - Biblioteca 
041 |a ESP 
082 |a 914.  |b BEL V. 8 
240 1 5 |a [Los bellos países] 
245 1 0 |a Grecia /  |c J. Roux, G. Roux ; tr. por María Teresa Monguió. 
264 4 |a Barcelona, España :  |b Juventud,  |c 1960, c1960 
300 |a 249 p. 
336 |a texto  |b txt  |2 rdacontenido 
337 |a sin mediación  |b n  |2 rdamedio 
338 |a volumen  |b nc  |2 rdasoporte 
440 5 |a (Los Bellos Países) 
500 |a Traducción de: La Grèce 
649 |a XX 
650 |a Grecia -  |x Descripción 
650 |a Turismo -  |z Grecia 
700 |a Roux, Jeanne  |e (autor) 
700 |a Roux, Georges  |e (autor) 
910 |a Fondo Jesús Rodríguez 
920 |a Impresos - Libros 
930 |a Fondos Especiales 
905 |a 113 
901 |a 0500043667  |b IT2  |c ESP  |u 20250521 
902 |a https://opac.biblio.iteso.mx/vufind/Record/000106958